Estadísticas para Ciudad a País #1

Haz click aquí para intentar la prueba.

Estadísticas generales

  • Esta prueba ha sido intentada 70 veces
  • La puntuación promedio es 16 de 27

Estadísticas de respuestas

CiudadPaís% Correcto
GuadalajaraMéxico
100%
MontevideoUruguay
98%
MedellínColombia
94%
KiotoJapón
92%
PortoPortugal
90%
StuttgartAlemania
86%
CagliariItalia
84%
NicosiaChipre
81%
MilwaukeeEstados Unidos
76%
DakarSenegal
75%
OdesaUcrania
70%
HaifaIsrael
60%
LuxorEgipto
59%
GdanskPolonia
57%
Chennai / MadrásIndia
56%
JartumSudán
56%
DarwinAustralia
52%
BergenNoruega
51%
YedaArabia Saudita
49%
BrnoRepública Checa
44%
DurbanSudáfrica
44%
YakutskRusia
38%
ShirazIrán
30%
BasoraIrak
29%
CamagüeyCuba
27%
SaskatoonCanadá
25%
KalamataGrecia
13%

Distribución de puntuación

Porcentaje por número respondido

Porcentaje de gente con cada puntuación

Historial de tus puntuaciones

No has intentado esta prueba.